| 000 | 00729cam a2200217 4500 | ||
|---|---|---|---|
| 001 | L124825 | ||
| 008 | 040112n2005 000 0 eng u | ||
| 020 | _a0324191480 | ||
| 035 | _a(Sirsi) u124825 | ||
| 041 | _aeng | ||
| 050 |
_a333.00285 _c18 |
||
| 100 | _aCulbertson, Edward L. | ||
| 245 | _aComputer applications for real estate | ||
| 260 |
_aThomson-South Western _c2005 |
||
| 300 |
_axix, 440p. _c28cm. |
||
| 350 | _a24.99 | ||
| 520 | _aAimed at contemporary real estate professionals in the US. Provides a step-by-step guide on how computer concepts and software applications are applied to real estate practice. | ||
| 590 | _aIKA190505 | ||
| 690 | _aMANAGEMENT-BUSINESS MANAGEMENT-COMMUNICATION | ||
| 942 | _n0 | ||
| 999 |
_c103285 _d103285 |
||